000 00662nam a22002177a 4500
999 _c14710
_d14710
003 AR-CdUCM
008 190424b ||||| |||| 00| 0 spa d
020 _a978-958-766-563-5
040 _aMUNICIPALIDAD PROVINCIAL DEL CUSCO
_cBIBLIOTECA MUNICIPAL DEL CUSCO
082 _aPI / 376.1 /
_bP23
110 _aPanamericana editorial
_933177
245 _aDescubre los números /
260 _aBogota :
_bPanamericana,
_c2014.
300 _a10 páginas.
_c23.5 cm.
650 _aMúmeros
_933577
650 _aEntretenimiento
_915681
650 _aInfancia
_95236
700 _aMuñoz Solano, Alejandra
_933578
942 _2ddc
_cLIBROS
945 _arah
_d24/04/2019